| 000 | 00677nam a2200229 i 4500 | ||
|---|---|---|---|
| 001 | bg | ||
| 100 | 1 | _aNIEZGODA, Dionizy | |
| 245 | 1 | 0 |
_aWstęp do teorii procesu produkcji w gospodarstwach rodzinnych / _cDionizy Niezgoda. |
| 260 |
_aLublin : _bWydaw. Akademii Rolniczej, _c1996. |
||
| 300 |
_a99, [2] s. : _bwykr. ; _c24 cm. |
||
| 504 | _aBibliogr. s.97-99. | ||
| 650 | 9 |
_aGospodarstwo rolne _xekonomika |
|
| 650 | 9 |
_aGospodarstwo rolne _xorganizacja |
|
| 655 | _aPodręczniki akademickie | ||
| 020 | _a8386761288 | ||
| 040 | _cBPK | ||
| 041 | 0 | _apl | |
| 080 | _a631.1(075.8) | ||
| 920 | _a83-86761-28-8 | ||
| 942 | _cKS | ||
| 008 | s pl f |000 0 pol | ||
| 999 |
_c31199 _d31199 |
||
| 856 |
_uhttp://koha.tu.koszalin.pl/cgi-bin/koha/opac-detail.pl?biblionumber=31199 _yKatalog online BPK |
||